000 00691nam a22002057a 4500
999 _c15611
_d15611
003 AR-CdUCM
008 190429b ||||| |||| 00| 0 spa d
040 _aMUNICIPALIDAD PROVINCIAL DEL CUSCO
_cBIBLIOTECA MUNICIPAL DEL CUSCO
082 _a869.5 /
_bA45 / 1947
100 _aAlva, Horacio
_916879
245 _aPosibilidades literarias de nuestra costa /
260 _aTrujillo :
_bJacobs,
_c1947.
300 _a9 páginas ;
_c25 cm.
505 _aContenido: Posibilidades literarias de nuestra costa.
650 _aLiteratura peruana
_9169
650 _aHistoria literaria
_92287
710 _aUniversidad Nacional de Trujillo
_91543
942 _2ddc
_cLIBROS
945 _aacv
_d2019-04-29